Statistics for Столицы Океании

Click here to take the quiz!

General Stats

  • This quiz has been taken 107 times
  • The average score is 9 of 25

Answer Stats

СтранаСтолица% Correct
АвстралияКанберра
97%
Новая ЗеландияВеллингтон
86%
СамоаАпиа
51%
Новая ГвинеяПорт Морсби
51%
ФиджиСува
49%
ВануатуПорт Вила
46%
ТувалуФунафути
46%
МикронезияПаликир
46%
КирибатиТарава
43%
ПалауНгерулмуд
43%
Соломоновы о-ваХониара
41%
ТонгаНукуалофа
38%
Науру
(де-факто)
Ярен
38%
Американское СамоаПаго Паго
27%
ПолинезияПапеэте
22%
Сев. Марианские о-ваСайпан
22%
о. НорфолкКингстон
22%
о-ва Уоллис и ФутунаМата Уту
22%
о-ва КукаАваруа
19%
БугенвильБука
16%
НиуэАлофи
14%
о-ва ПиткэрнАдамстаун
14%
Новая КаледонияНумеа
11%
Маршалловы о-ва
(два ответа)
Маджуро и
Делап-Улига-Джарит
11%
(Дальше автономии)
Гуам
Хагатна
8%

Score Distribution

Percentile by Number Answered

Percent of People with Each Score

Your Score History

You have not taken this quiz